000 00521nam a2200181Ia 4500
005 20250508161620.0
008 008 250505s9999 xx 000 0 eng d
037 _aTextual
040 _aFEDL
_beng
_cFEDL
041 _aeng
_2eng
084 _a301.15, BER
_qFEDL
100 _aBerrien F. Kenneth
_9771062
245 0 _aGeneral and social systems
260 _aNew Brunswick, New Jersey
_bRutgers University Press
_c1968
300 _a231p.
942 _cTEXL
_h301.15, BER
999 _c1371143
_d1371143